000 00578nam a2200181 i 4500
001 33018
003 ES-MaACL
005 20230906154659.0
007 t|
008 030201s1929 sp ||||1| spa d
100 1 _aBenzo Cano, Eduardo.
_927812
245 1 3 _aLa libertad de América /
_cEduardo Benzo Cano ; prólogo de Luis Jiménez de Asúa.
260 _aMadrid :
_bCompañía Ibero-Americana de Publicaciones,
_c1929.
300 _a264 p. ;
_c19 cm.
700 1 _aJiménez de Asúa, Luis,
_d1889-1970
_966491
852 _aES-MaACL
_jB-3641
999 _c33018
_d33018